[Event "BCF-ch Yates U1500 op"]
[Site "Hull"]
[Date "2024.07.27"]
[Round "3"]
[White "Handa, Anant"]
[Black "Mak, Lester"]
[Result "0-1"]
[WhiteElo "1334"]
[BlackElo "985"]
[PlyCount "64"]
[EventDate "2024.07.26"]
[EventType "swiss"]
[EventRounds "5"]
[EventCountry "ENG"]
[SourceTitle "CBM 221 Extra"]
[Source "ChessBase"]
[SourceDate "2024.09.30"]
[SourceVersion "1"]
[SourceVersionDate "2024.09.30"]
[SourceQuality "1"]

1. e4 c6 2. d4 d5 3. e5 c5 4. Nf3 Bg4 5. Be2 e6 6. 0-0 Nc6 7. b3 Bxf3 8. Bxf3 Nxd4 9. Bb2 Nxf3+ 10. Qxf3 Ne7 11. Na3 a6 12. Rad1 Nf5 13. c4 Nh4 14. Qg4 d4 15. Qe4 Rb8 16. Rd3 Nf5 17. Rfd1 Be7 18. Nc2 0-0 19. Rh3 b5 20. g4 Nh4 21. Ne3 Ng6 22. Ng2 bxc4 23. f4 cxb3 24. axb3 Qa5 25. f5 Rb4 26. fxg6 fxg6 27. Qc6 Qa2 28. Qxe6+ Kh8 29. Qxe7 Rbb8 30. Bc1 Qf2+ 31. Kh1 Qf1+ 32. Rxf1 Rxf1# 0-1